| 000 | 00342nam a22001337a 4500 | ||
|---|---|---|---|
| 020 | _a81-87414-11-1 | ||
| 082 |
_a510 _bDEW/M |
||
| 100 | _aRAJESH.K.DEWAN, Dr.SANJEEV VERMA | ||
| 245 |
_aTOGETHER WITH MATHEMATICS _bCLASS XII |
||
| 260 |
_aDELHI _bRACHNA SAGAR PVT LTD _c2008 |
||
| 300 | _a576 | ||
| 650 |
_aMATHS FOR CLASS XII _zINDIA |
||
| 942 | _cBK | ||
| 999 |
_c651 _d651 |
||